ห้องสมุด วิทยาลัยพยาบาลบรมราชชนนี อุดรธานี Boromarajonani College of Nursing, Udonthani
mysqli: Table './ulib2015/stat_globaluid' is marked as crashed and last (automatic?) repair failed select id from stat_globaluid where statuid='20260418164638_4209' mysqli: Table './ulib2015/stat_globaluid' is marked as crashed and last (automatic?) repair failed DELETE FROM stat_globaluid
WHERE id NOT IN (
SELECT id
FROM (
SELECT id
FROM stat_globaluid
ORDER BY id DESC
LIMIT 100
) foo
); mysqli: Table './ulib2015/stat_globaluid' is marked as crashed and last (automatic?) repair failed insert into stat_globaluid set
statuid='20260418164638_4209',
dt='1776505598',
phpself='/ULIB/dublinfull.php',
agent='Mozilla/5.0 AppleWebKit/537.36 (KHTML, like Gecko; compatible; ClaudeBot/1.0; +claudebot@anthropic.com)',
yea='2026',
mon='4',
dat='18',
ip='216.73.216.142'
LEADER 00674nam 2200229 a 4500
001 10987
003 ULIBM
008 180611s2542 th m a001 0 tha d
050 4 ^aWP100^bส737ค 2542
245 10 ^aคู่มือ Counsellor เรื่องการปฏิบัติทางเพศอย่างปลอดภัย/^cสุกมล วิภาวีพลกุล
250 ^aพิมพ์ครั้งที่ 3.
260 ^aกรุงเทพฯ:^bโรงพิมพ์องค์การสงเคราะห์ทหารผ่านศึก,^c2542
300 ^a 24 หน้า.
650 7 ^aกรมประกันภัย--เพศ, การปฏิบัติ
945 ^p0^l0^i1018
945 ^p0^l0^i1069
945 ^p0^l0^i1071
999 ^aลิขิตลักษณ์
คุณยังไม่ได้ล็อกอิน คุณสามารถมีกิจกรรมร่วมกับเว็บไซต์ได้ แต่ต้องล็อกอินก่อน ::
ลำดับที่
ประเภท
เลขเรียก /บาร์โค้ด
สถานที่
สถานะ
1.
หนังสือการพยาบาล WP100 ส737ค 2542 ฉ.2 Barcode: 1069 หนังสือทั่วไป On Shelf [แสดง 1/1 รายการ]
mysqli: Can't create/write to file '/var/tmp/#sql_59d_0.MAI' (Errcode: 2) select * from index_db where titl like '%คู่มือ Counsellor เรื่องการปฏิบัติทางเพศอย่างปลอดภัย/ สุกมล วิภาวีพลกุล%' and mid<>'10987' order by rand() limit 3 mysqli: Can't create/write to file '/var/tmp/#sql_59d_0.MAI' (Errcode: 2) select * from index_db where subj like '%กรมประกันภัย--เพศ, การปฏิบัติ%' and mid<>'10987' order by rand() limit 3
ยังไม่เคยถูกคอมเมนท์
คอมเมนท์ทรัพยากรรายการนี้
JavaScript must be enabled in order for you to use Google Maps.
However, it seems JavaScript is either disabled or not supported by your browser.
To view Google Maps, enable JavaScript by changing your browser options, and then
try again.